000 00505nam a2200181Ia 4500
003 OSt
005 20240712145557.0
008 210210b1931 xxu||||| |||| 00| 0 eng d
040 _aAL
_c
041 _aKannada
082 _a858/214
100 _aSHRINIVASA MURTI
_928582
_dಶ್ರೀನಿವಾಸ ಮೂರ್ತಿ
245 _aBasavannanvaru
_bಬಸವಣ್ಣನವರು
260 _aBengaluru
_bCentral college
_c1931
690 _aBiography
_928584
906 _a020757
942 _2ddc
_cBK
999 _c144911
_d144911